[Event "Torneo Zonal  2.5 Femenino"]
[Site "Montevideo"]
[Date "2013.04.23"]
[Round "7.6"]
[White "Silva, Natalia"]
[Black "de Leon, Veronica"]
[Result "1-0"]
[WhiteElo "1891"]
[BlackElo "1645"]
[PlyCount "95"]
[EventDate "2013.04.??"]

1. e4 e5 2. Ne2 Nf6 3. Nbc3 Nc6 4. g3 Bc5 5. Bg2 d6 6. O-O O-O 7. d3 Be6 8. Kh1
Ng4 9. d4 exd4 10. f3 dxc3 11. fxg4 cxb2 12. Bxb2 Bxg4 13. Rf4 Bxe2 14. Qxe2
Ne5 15. Raf1 Qe7 16. Rh4 f6 17. Bh3 Rae8 18. Bf5 g6 19. Bh3 Qf7 20. Qb5 g5 21.
Rh6 c6 22. Qe2 Kg7 23. Rhxf6 Qxf6 24. Rxf6 Rxf6 25. Qh5 g4 26. Qxe8 gxh3 27.
Bxe5 dxe5 28. Qd7+ Kg6 29. Qxh3 Rf2 30. Qe6+ Rf6 31. Qxe5 b6 32. Qe8+ Kg5 33.
Qd8 Kg6 34. Qd3 Rd6 35. Qe2 h6 36. h4 Kg7 37. e5 Re6 38. Qg4+ Kf7 39. Qf4+ Kg7
40. Qf5 Rg6 41. g4 Be7 42. h5 Rg5 43. Qe6 Kf8 44. Kg2 Bc5 45. Qxh6+ Rg7 46. g5
Be3 47. Qh8+ Kf7 48. g6+ 1-0

[Event "Torneo Zonal  2.5 Femenino"]
[Site "Montevideo"]
[Date "2013.04.23"]
[Round "7.7"]
[White "Larrea, Daniela"]
[Black "Costa, Anaclara"]
[Result "1/2-1/2"]
[WhiteElo "1700"]
[BlackElo "1649"]
[PlyCount "102"]
[EventDate "2013.04.??"]

1. d4 f5 2. e3 Nf6 3. Bd3 g6 4. f4 Bg7 5. Nf3 O-O 6. O-O d6 7. c3 b6 8. Qe2 Bb7
9. Ng5 Qd7 10. Bb5 c6 11. Bc4+ d5 12. Bd3 h6 13. Nf3 Qe8 14. Nbd2 Nbd7 15. Rb1
Ne4 16. Ne5 e6 17. Ndf3 Bf6 18. Qe1 Nxe5 19. Nxe5 Rc8 20. b3 c5 21. Ba3 Be7 22.
Bxe4 fxe4 23. Qg3 Kh7 24. Qh3 Bf6 25. Qg4 Bxe5 26. fxe5 Rf5 27. Qe2 cxd4 28.
cxd4 Bc6 29. Rxf5 gxf5 30. Rc1 Bd7 31. Qd2 Bb5 32. Rxc8 Qxc8 33. Qc1 Qxc1+ 34.
Bxc1 Bd3 35. Bd2 Kg6 36. Kf2 Kg5 37. Kg3 Bf1 38. Bb4 a6 39. Bd6 b5 40. Bb4 Bd3
41. Be7+ Kh5 42. a3 Bc2 43. b4 Bd1 44. h3 Kg6 45. Kf4 h5 46. Kg3 Kf7 47. Bc5
Kg6 48. Kf2 Bc2 49. Ke1 Bd3 50. Kf2 Bc2 51. Kg3 Bd1 1/2-1/2

[Event "Torneo Zonal  2.5 Femenino"]
[Site "Montevideo"]
[Date "2013.04.23"]
[Round "7.8"]
[White "de San Vicente, Sabrina"]
[Black "Perez, Cecilia Manuela"]
[Result "1-0"]
[WhiteElo "1725"]
[BlackElo "1521"]
[PlyCount "55"]
[EventDate "2013.04.??"]

1. d4 e6 2. c4 f5 3. g3 Nf6 4. Bg2 Be7 5. Nh3 O-O 6. O-O d6 7. Nc3 e5 8. dxe5
dxe5 9. Qxd8 Rxd8 10. Nd5 Nc6 11. Nxc7 Rb8 12. Nd5 Nxd5 13. Bxd5+ Kf8 14. Ng5
Bxg5 15. Bxg5 Rd6 16. Bd2 e4 17. Bf4 Rd8 18. Bxc6 bxc6 19. Bxb8 Ba6 20. Bxa7
Bxc4 21. Rfe1 Rd2 22. b3 Bxe2 23. Bc5+ Kf7 24. a4 Rb2 25. b4 Bc4 26. a5 Ba6 27.
Red1 Bb5 28. a6 1-0

[Event "Torneo Zonal  2.5 Femenino"]
[Site "Montevideo"]
[Date "2013.04.24"]
[Round "8.1"]
[White "Perez, Dalila"]
[Black "Lujan, Carolina"]
[Result "0-1"]
[WhiteElo "1763"]
[BlackElo "2366"]
[PlyCount "70"]
[EventDate "2013.04.??"]

1. c4 e5 2. Nc3 Nc6 3. g3 g6 4. Bg2 Bg7 5. a3 d6 6. e3 Be6 7. Nd5 Qd7 8. Ne2
Nd8 9. e4 c6 10. Ne3 Bh3 11. d4 Bxg2 12. Nxg2 Qh3 13. Ne3 Nf6 14. Ng1 Qc8 15.
dxe5 dxe5 16. Qd3 Ne6 17. b4 O-O 18. c5 Rd8 19. Qb1 b6 20. cxb6 axb6 21. Nc4
Qa6 22. Nxe5 Rd4 23. Be3 Rxe4 24. Ngf3 Qb5 25. Nd3 Nd5 26. a4 Rxa4 27. Rxa4
Qxa4 28. Nd2 Nc3 29. Qc1 Qb5 30. Qc2 Rxb4 31. O-O Nd4 32. Bxd4 Ne2+ 33. Kh1
Nxd4 34. Qc3 Ra4 35. h3 Qd5+ 0-1

[Event "Torneo Zonal  2.5 Femenino"]
[Site "Montevideo"]
[Date "2013.04.24"]
[Round "8.2"]
[White "Zuriel, Marisa"]
[Black "Avalos, Leticia"]
[Result "1-0"]
[WhiteElo "2212"]
[BlackElo "1725"]
[PlyCount "47"]
[EventDate "2013.04.??"]

1. e4 d5 2. exd5 Qxd5 3. Nc3 Qa5 4. Bc4 Nf6 5. d3 c6 6. Nge2 Bg4 7. f3 Bf5 8.
Ng3 Bg6 9. O-O e6 10. Kh1 Bd6 11. f4 Nbd7 12. Nce4 Be7 13. Bd2 Qc7 14. Qf3
O-O-O 15. Bc3 Rhg8 16. f5 exf5 17. Nxf5 Bxf5 18. Qxf5 Nxe4 19. dxe4 Bd6 20.
Bxf7 Rdf8 21. Qh3 Kb8 22. Bxg8 Rxg8 23. Rf7 Kc8 24. e5 1-0

[Event "Torneo Zonal  2.5 Femenino"]
[Site "Montevideo"]
[Date "2013.04.24"]
[Round "8.3"]
[White "Cortes Arias, Mariela"]
[Black "Martinez, Ayelen"]
[Result "0-1"]
[WhiteElo "1833"]
[BlackElo "2094"]
[PlyCount "117"]
[EventDate "2013.04.??"]

1. d4 Nf6 2. c4 g6 3. Nc3 Bg7 4. e4 d6 5. Nf3 O-O 6. h3 Nbd7 7. Bg5 h6 8. Be3
c5 9. d5 a6 10. Qc2 b5 11. cxb5 Qa5 12. Bd2 axb5 13. Nxb5 Qa4 14. Qxa4 Rxa4 15.
Bd3 Nxe4 16. Bc2 Nxd2 17. Bxa4 Nxf3+ 18. gxf3 Nb6 19. Bc2 Nxd5 20. Be4 Be6 21.
Rd1 Nf4 22. b3 Rb8 23. Nc7 Bxh3 24. Nd5 Nxd5 25. Bxd5 Bd7 26. Bc4 h5 27. Rg1
Bc3+ 28. Ke2 Kg7 29. f4 Bd4 30. Rg5 e6 31. Bd3 Bf6 32. Rgg1 Rb4 33. Ke3 d5 34.
Rc1 Be7 35. Rc2 Bd6 36. Ke2 Rxf4 37. a3 e5 38. f3 e4 39. fxe4 dxe4 40. Bc4 Bg4+
41. Ke1 h4 42. Rf2 Bf3 43. Be2 f5 44. Bxf3 exf3 45. a4 Bc7 46. Kd2 Kf6 47. Rgf1
Rd4+ 48. Kc2 g5 49. Rxf3 f4 50. Rh1 Re4 51. Rfh3 Ba5 52. Kd3 Rd4+ 53. Ke2 Rd2+
54. Kf3 Kf5 55. Rxh4 gxh4 56. Rxh4 Rd3+ 57. Ke2 Rxb3 58. Rh5+ Ke4 59. Rxc5 0-1

[Event "Torneo Zonal  2.5 Femenino"]
[Site "Montevideo"]
[Date "2013.04.24"]
[Round "8.4"]
[White "Colombo, Camila"]
[Black "Fernandez, Maria Florencia"]
[Result "0-1"]
[WhiteElo "2073"]
[BlackElo "2180"]
[PlyCount "98"]
[EventDate "2013.04.??"]

1. d4 Nf6 2. c4 g6 3. Nc3 Bg7 4. e4 d6 5. Be2 O-O 6. Bg5 c5 7. d5 e6 8. Qd2
exd5 9. exd5 a6 10. Nf3 b5 11. cxb5 axb5 12. Bxb5 Qa5 13. O-O Ba6 14. Bxa6 Rxa6
15. Bh6 Nbd7 16. Bxg7 Kxg7 17. b3 Nb6 18. Qb2 Rb8 19. Rab1 Qb4 20. Qa1 Rba8 21.
Rfd1 Ra3 22. Ng5 Qf4 23. Nge4 Nbd7 24. Nxf6 Nxf6 25. Qb2 h5 26. Na4 Kh7 27. f3
R3xa4 28. bxa4 Rxa4 29. Qe2 Nd7 30. g3 Qf5 31. Rb7 Ne5 32. f4 Re4 33. Qg2 Ng4
34. Rxf7+ Qxf7 35. Qxe4 Qa7 36. Rd2 c4+ 37. Qd4 Qe7 38. Kf1 Ne3+ 39. Kg1 Nf5
40. Qf2 Qe4 41. Qa7+ Kh6 42. Qb8 Qe1+ 43. Kg2 Qxd2+ 44. Kh3 Qd4 45. a4 c3 46.
Qc8 Ne3 47. Qf8+ Qg7 48. Qxd6 c2 49. Qc6 c1=Q 0-1

[Event "Torneo Zonal  2.5 Femenino"]
[Site "Montevideo"]
[Date "2013.04.24"]
[Round "8.5"]
[White "de Leon, Patricia"]
[Black "Silva, Natalia"]
[Result "1-0"]
[WhiteElo "1842"]
[BlackElo "1891"]
[PlyCount "79"]
[EventDate "2013.04.??"]

1. d4 f5 2. g3 g6 3. c4 d6 4. Bg2 Nf6 5. Nf3 Bg7 6. O-O O-O 7. Nc3 Qe8 8. d5 c5
9. e4 fxe4 10. Ng5 h6 11. Ngxe4 Na6 12. h3 g5 13. f4 gxf4 14. Nxf6+ Bxf6 15.
Bxf4 Bd4+ 16. Kh2 Qg6 17. Qd2 Bg7 18. Rae1 Rf7 19. a3 Bf5 20. Be4 Bxe4 21. Nxe4
Nc7 22. Nxc5 dxc5 23. Bxc7 Rxf1 24. Rxf1 Rc8 25. Bf4 Rd8 26. Qe2 Re8 27. Re1
Qf6 28. Be5 Qxe5 29. Qxe5 Bxe5 30. Rxe5 Kf7 31. Re6 Rh8 32. Kg2 h5 33. b4 Rc8
34. b5 Rh8 35. a4 Rg8 36. a5 Rg5 37. a6 b6 38. Rc6 Rg8 39. Rc7 Ra8 40. d6 1-0

[Event "Torneo Zonal  2.5 Femenino"]
[Site "Montevideo"]
[Date "2013.04.24"]
[Round "8.6"]
[White "de Leon, Veronica"]
[Black "Besso, Guadalupe"]
[Result "0-1"]
[WhiteElo "1645"]
[BlackElo "1737"]
[PlyCount "74"]
[EventDate "2013.04.??"]

1. c4 Nf6 2. Nc3 d5 3. cxd5 Nxd5 4. g3 g6 5. Bg2 Nxc3 6. bxc3 Bg7 7. Nf3 O-O 8.
O-O c5 9. d4 Nc6 10. Bb2 Qb6 11. Qb3 Be6 12. Qxb6 axb6 13. a3 Rfe8 14. Rfd1 Bb3
15. Rd2 Na5 16. e3 Nc4 17. Re2 Ba4 18. Rb1 Bb5 19. Rc2 e5 20. Nd2 Nxb2 21.
Rcxb2 Bd3 22. Rd1 exd4 23. exd4 cxd4 24. cxd4 Bxd4 25. Ra2 Bf5 26. Bxb7 Ra7 27.
Bf3 Be6 28. Rc2 Rxa3 29. Kg2 b5 30. Rb1 b4 31. Be4 b3 32. Rc7 b2 33. Nc4 Rc3
34. Bd3 Rxd3 35. Nxb2 Rd2 36. Nd1 Bf5 37. Rbc1 Bg4 0-1

[Event "Torneo Zonal  2.5 Femenino"]
[Site "Montevideo"]
[Date "2013.04.24"]
[Round "8.7"]
[White "Costa, Anaclara"]
[Black "de San Vicente, Sabrina"]
[Result "1-0"]
[WhiteElo "1649"]
[BlackElo "1725"]
[PlyCount "137"]
[EventDate "2013.04.??"]

1. f4 d5 2. Nf3 g6 3. g3 Bg7 4. Bg2 Nf6 5. O-O O-O 6. d3 b6 7. Qe1 Bb7 8. h3 c5
9. Nbd2 Nc6 10. c3 Re8 11. Qf2 e5 12. fxe5 Nxe5 13. Nxe5 Rxe5 14. Nf3 Re6 15.
Ng5 Re7 16. Bd2 h6 17. Nf3 Qd7 18. g4 g5 19. a4 Rae8 20. Rfe1 Qc7 21. Bf1 Nd7
22. h4 f6 23. d4 c4 24. Bg2 Nf8 25. e3 Qd7 26. Nh2 Bc6 27. a5 b5 28. Qg3 Ne6
29. Rf1 Rf8 30. Rf5 Nc7 31. Nf1 Qc8 32. Qd6 Qd7 33. Qh2 Qd8 34. Be1 Bd7 35.
Bxd5+ Kh8 36. Bf3 Bxf5 37. gxf5 Ne8 38. hxg5 fxg5 39. e4 Nf6 40. Nd2 Rfe8 41.
e5 Nd5 42. Bh5 Bxe5 43. dxe5 Rf8 44. f6 Rc7 45. Bg4 Nf4 46. Qxh6+ Rh7 47. Qxg5
Nh3+ 48. Bxh3 Rg8 49. Qxg8+ Qxg8+ 50. Bg2 Qg4 51. Bf2 Rh6 52. Nf3 Rg6 53. Nh4
Rg5 54. f7 Kg7 55. e6 Rh5 56. Re1 Rxh4 57. Bxh4 Qxh4 58. Rf1 Qe7 59. f8=Q+ Qxf8
60. Rxf8 Kxf8 61. Kf2 Ke7 62. Bd5 Kd6 63. Ke3 Kxd5 64. e7 b4 65. e8=Q bxc3 66.
bxc3 a6 67. Qa8+ Ke5 68. Qxa6 Kd5 69. Qb5+ 1-0

[Event "Torneo Zonal  2.5 Femenino"]
[Site "Montevideo"]
[Date "2013.04.24"]
[Round "8.8"]
[White "Perez, Cecilia Manuela"]
[Black "Larrea, Daniela"]
[Result "0-1"]
[WhiteElo "1521"]
[BlackElo "1700"]
[PlyCount "116"]
[EventDate "2013.04.??"]

1. d4 f5 2. g3 Nf6 3. Bg2 e6 4. c4 d5 5. Nh3 c6 6. Qc2 Bd6 7. Bf4 O-O 8. Nd2
Nh5 9. Bxd6 Qxd6 10. c5 Qe7 11. Nf3 Nd7 12. Nf4 Nxf4 13. gxf4 Rf6 14. Rg1 Rh6
15. O-O-O Nf6 16. Rh1 Ne4 17. e3 Bd7 18. Ne5 Be8 19. Rdg1 Nf6 20. Bf1 Nd7 21.
Rg3 Nxe5 22. fxe5 Bh5 23. Be2 Bxe2 24. Qxe2 b6 25. Qc2 bxc5 26. Qxc5 Qxc5+ 27.
dxc5 Rb8 28. Kb1 Rb5 29. Rhg1 g6 30. h3 Rxc5 31. Rc1 Rxc1+ 32. Kxc1 Rh4 33. f4
Kf7 34. Kd2 h6 35. Kd3 c5 36. b3 g5 37. fxg5 hxg5 38. Rxg5 Rxh3 39. Rg2 f4 40.
Rf2 Rxe3+ 41. Kd2 Rxe5 42. Rxf4+ Rf5 43. Ra4 Kf6 44. Rxa7 Ke5 45. Ra5 Kd4 46.
Ra4+ c4 47. bxc4 dxc4 48. Ra8 c3+ 49. Kc2 Rf2+ 50. Kb3 Rb2+ 51. Ka3 Kd3 52.
Rd8+ Kc2 53. Rh8 Rb6 54. Rh2+ Kd3 55. Rh3+ Kd4 56. Rh4+ Kd5 57. Rh3 Rc6 58. Kb3
c2 0-1

[Event "Torneo Zonal  2.5 Femenino"]
[Site "Montevideo"]
[Date "2013.04.25"]
[Round "9.1"]
[White "Lujan, Carolina"]
[Black "Avalos, Leticia"]
[Result "1-0"]
[WhiteElo "2366"]
[BlackElo "1725"]
[PlyCount "67"]
[EventDate "2013.04.??"]

1. e4 e6 2. d4 d5 3. Nc3 dxe4 4. Nxe4 Nd7 5. Nf3 Ngf6 6. Bd3 Nxe4 7. Bxe4 c5 8.
O-O Qb6 9. a4 a5 10. b3 Nf6 11. Bd3 Be7 12. Bb2 O-O 13. Ne5 Rd8 14. dxc5 Qxc5
15. Qe2 b6 16. Ba3 Qc7 17. Bxe7 Qxe7 18. Nc6 Qc7 19. Nxd8 Qxd8 20. Qe5 Bb7 21.
Rad1 Qe7 22. Bb5 Rd8 23. Rd3 Be4 24. Rxd8+ Qxd8 25. Bd3 Bxd3 26. Rd1 h6 27.
Rxd3 Qc8 28. c4 Qb7 29. f3 Nd7 30. Qd6 Nc5 31. Qd8+ Kh7 32. Rd6 Nxb3 33. Rxb6
Qa7 34. Qd3+ 1-0

[Event "Torneo Zonal  2.5 Femenino"]
[Site "Montevideo"]
[Date "2013.04.25"]
[Round "9.2"]
[White "Besso, Guadalupe"]
[Black "Zuriel, Marisa"]
[Result "0-1"]
[WhiteElo "1737"]
[BlackElo "2212"]
[PlyCount "68"]
[EventDate "2013.04.??"]

1. d4 Nf6 2. c4 c5 3. d5 b5 4. cxb5 a6 5. bxa6 g6 6. Nc3 Bxa6 7. e4 Bxf1 8.
Kxf1 d6 9. Nf3 Bg7 10. g3 O-O 11. Kg2 Nbd7 12. h3 Qa5 13. Re1 Rab8 14. e5 dxe5
15. Nxe5 Nxe5 16. Rxe5 Rfe8 17. Qe2 Qa8 18. Kh2 Rbd8 19. Rxe7 Rxe7 20. Qxe7
Nxd5 21. Nxd5 Qxd5 22. Bg5 Ra8 23. Re1 h6 24. Bc1 Qf5 25. Be3 Rxa2 26. Bxc5
Rxb2 27. Qe3 Qd5 28. Rc1 h5 29. Qe8+ Kh7 30. Qe3 Bh6 31. Qc3 Bxc1 32. Qxc1 Rd2
33. Qc3 Rd1 34. g4 h4 0-1

[Event "Torneo Zonal  2.5 Femenino"]
[Site "Montevideo"]
[Date "2013.04.25"]
[Round "9.3"]
[White "Martinez, Ayelen"]
[Black "Costa, Anaclara"]
[Result "1-0"]
[WhiteElo "2094"]
[BlackElo "1649"]
[PlyCount "59"]
[EventDate "2013.04.??"]

1. e4 e6 2. d4 d5 3. Nc3 Bb4 4. e5 Qd7 5. Bd2 b6 6. f4 Ne7 7. Nf3 Ba6 8. Bxa6
Nxa6 9. Qe2 Nb8 10. O-O Nbc6 11. a3 Bxc3 12. Bxc3 Nf5 13. b4 Qc8 14. g4 Nh6 15.
Ng5 Nd8 16. f5 g6 17. f6 a5 18. bxa5 Qa6 19. Qxa6 Rxa6 20. axb6 Rxb6 21. h3 Rc6
22. Rf3 O-O 23. Rb1 Re8 24. Rb8 Rb6 25. Rc8 Rb1+ 26. Rf1 Rb7 27. Bb4 c6 28. Ba5
Rd7 29. Rb1 Kf8 30. Rbb8 1-0

[Event "Torneo Zonal  2.5 Femenino"]
[Site "Montevideo"]
[Date "2013.04.25"]
[Round "9.4"]
[White "Fernandez, Maria Florencia"]
[Black "de Leon, Patricia"]
[Result "1-0"]
[WhiteElo "2180"]
[BlackElo "1842"]
[PlyCount "69"]
[EventDate "2013.04.??"]

1. d4 d5 2. c4 e6 3. Nc3 Nf6 4. Nf3 Be7 5. g4 c5 6. e3 Nc6 7. a3 b6 8. Qc2 Bb7
9. g5 Ne4 10. h4 Nxc3 11. bxc3 dxc4 12. Rg1 Qc7 13. Bxc4 O-O-O 14. Bd2 Na5 15.
Be2 cxd4 16. Nxd4 Kb8 17. c4 Nc6 18. Bc3 Nxd4 19. Bxd4 f6 20. gxf6 Bxf6 21.
O-O-O e5 22. Bc3 Rxd1+ 23. Rxd1 Rd8 24. Rxd8+ Qxd8 25. Qxh7 a5 26. Qf5 Qd6 27.
Kb2 Bc8 28. Qd3 Qe7 29. h5 Be6 30. Qe4 Bc8 31. Bf3 Bb7 32. Qxb7+ Qxb7 33. Bxb7
Kxb7 34. f4 Kc6 35. Bxe5 1-0

[Event "Torneo Zonal  2.5 Femenino"]
[Site "Montevideo"]
[Date "2013.04.25"]
[Round "9.5"]
[White "de Leon, Veronica"]
[Black "Colombo, Camila"]
[Result "0-1"]
[WhiteElo "1645"]
[BlackElo "2073"]
[PlyCount "54"]
[EventDate "2013.04.??"]

1. c4 e5 2. Nc3 Nf6 3. g3 d5 4. cxd5 Nxd5 5. Bg2 Nb6 6. Nf3 Nc6 7. O-O Be7 8.
d3 O-O 9. Be3 f5 10. Qb3+ Kh8 11. Bxb6 axb6 12. Rad1 Qe8 13. e3 Qg6 14. a3 Be6
15. Qc2 f4 16. Qc1 Rad8 17. d4 e4 18. Ne5 Nxe5 19. Bxe4 Bf5 20. Bxf5 Nf3+ 21.
Kg2 Nh4+ 22. Kg1 Nxf5 23. exf4 Nxd4 24. Qe3 Bc5 25. b4 Rfe8 26. Qc1 Nf3+ 27.
Kg2 Qc6 0-1

[Event "Torneo Zonal  2.5 Femenino"]
[Site "Montevideo"]
[Date "2013.04.25"]
[Round "9.6"]
[White "Larrea, Daniela"]
[Black "Silva, Natalia"]
[Result "0-1"]
[WhiteElo "1700"]
[BlackElo "1891"]
[PlyCount "76"]
[EventDate "2013.04.??"]

1. c4 f5 2. g3 Nf6 3. Bg2 g6 4. Nc3 e5 5. e3 Bg7 6. Nge2 O-O 7. O-O Nc6 8. Rb1
d6 9. d3 g5 10. f4 gxf4 11. exf4 Qe8 12. Nd5 Nxd5 13. Bxd5+ Be6 14. Nc3 Nd8 15.
Qf3 c6 16. Bxe6+ Nxe6 17. Be3 a5 18. a4 Qf7 19. Rf2 Rae8 20. Kh1 Qg6 21. Qd1
Rf7 22. Ne2 c5 23. Qd2 b6 24. Rbf1 Nd4 25. fxe5 dxe5 26. Nxd4 cxd4 27. Bg5 h6
28. Bh4 Qc6+ 29. Kg1 Qe6 30. b3 Ref8 31. Qe2 e4 32. dxe4 fxe4 33. Rxf7 Rxf7 34.
Rxf7 Kxf7 35. Qf2+ Kg8 36. Kf1 e3 37. Qf3 d3 38. g4 e2+ 0-1

[Event "Torneo Zonal  2.5 Femenino"]
[Site "Montevideo"]
[Date "2013.04.25"]
[Round "9.8"]
[White "Perez, Cecilia Manuela"]
[Black "Cortes Arias, Mariela"]
[Result "1/2-1/2"]
[WhiteElo "1521"]
[BlackElo "1833"]
[PlyCount "119"]
[EventDate "2013.04.??"]

1. d4 c5 2. Nf3 Nf6 3. e3 g6 4. c4 Bg7 5. Bd3 cxd4 6. exd4 d5 7. c5 O-O 8. Qc2
Nc6 9. Be3 Nb4 10. Qd2 Nxd3+ 11. Qxd3 Bf5 12. Qd2 Ne4 13. Qc1 Qa5+ 14. Nc3 Rfd8
15. O-O Nxc5 16. Nxd5 Rxd5 17. dxc5 Rc8 18. Qc4 Qd8 19. Qb3 Qd7 20. Rad1 Rd8
21. Rxd5 Qxd5 22. Qxd5 Rxd5 23. b3 Bb2 24. h3 a6 25. Bc1 Bf6 26. Be3 Rd3 27.
Rc1 Bd7 28. Kf1 Bb5 29. Ke1 Bc6 30. Ke2 Rc3 31. Rxc3 Bxc3 32. g3 Bb5+ 33. Kd1
f6 34. Nd4 Bd7 35. h4 e5 36. Nc2 Bg4+ 37. Kc1 Kf7 38. Bd2 Bxd2+ 39. Kxd2 Be6
40. Ne3 Ke7 41. Kd3 Kd7 42. Nc4 Bxc4+ 43. Kxc4 Kc6 44. b4 b6 45. cxb6 Kxb6 46.
a4 h6 47. b5 axb5+ 48. axb5 g5 49. Kd5 Kxb5 50. Ke6 gxh4 51. gxh4 Kc4 52. Kxf6
e4 53. Kf5 Kd3 54. Kf4 h5 55. Kg3 Ke2 56. Kg2 Ke1 57. Kg1 Ke2 58. Kg2 Kd1 59.
Kh1 Kd2 60. Kh2 1/2-1/2

[Event "Torneo Zonal  2.5 Femenino"]
[Site "Montevideo"]
[Date "2013.04.25"]
[Round "9.8"]
[White "de San Vicente, Sabrina"]
[Black "Perez, Dalila"]
[Result "0-1"]
[WhiteElo "1725"]
[BlackElo "1763"]
[PlyCount "58"]
[EventDate "2013.04.??"]

1. d4 d6 2. c4 g6 3. Nc3 Bg7 4. e4 Nf6 5. f3 Nbd7 6. Be3 a6 7. Bd3 c5 8. Nge2
b6 9. Qd2 O-O 10. O-O Rb8 11. Rfb1 Qc7 12. a3 cxd4 13. Nxd4 Ne5 14. Nd5 Qd7 15.
Bf1 e6 16. Nxf6+ Bxf6 17. Rd1 d5 18. cxd5 exd5 19. exd5 Qxd5 20. Rac1 Bb7 21.
Qb4 b5 22. Be2 Ng4 23. Bf4 a5 24. Qd2 Rbd8 25. Kf1 Bxd4 26. Qxa5 Qf5 27. h3
Qxf4 28. hxg4 Qe3 29. Bxb5 Qf2# 0-1